<?xml version="1.0" encoding="UTF-8"?>
<collection xmlns="http://www.loc.gov/MARC21/slim">
<record>
  <controlfield tag="001">126028</controlfield>
  <controlfield tag="005">20241125101154.0</controlfield>
  <datafield tag="024" ind1="7" ind2=" ">
    <subfield code="2">doi</subfield>
    <subfield code="a">10.1007/s41513-023-00207-9</subfield>
  </datafield>
  <datafield tag="024" ind1="8" ind2=" ">
    <subfield code="2">sideral</subfield>
    <subfield code="a">133476</subfield>
  </datafield>
  <datafield tag="037" ind1=" " ind2=" ">
    <subfield code="a">ART-2023-133476</subfield>
  </datafield>
  <datafield tag="041" ind1=" " ind2=" ">
    <subfield code="a">eng</subfield>
  </datafield>
  <datafield tag="100" ind1=" " ind2=" ">
    <subfield code="a">Fernandes, João Paulo</subfield>
  </datafield>
  <datafield tag="245" ind1=" " ind2=" ">
    <subfield code="a">Quaternary fluvial carbonate deposits of the Almonda River Valley, Central Portugal</subfield>
  </datafield>
  <datafield tag="260" ind1=" " ind2=" ">
    <subfield code="c">2023</subfield>
  </datafield>
  <datafield tag="506" ind1="0" ind2=" ">
    <subfield code="a">Access copy available to the general public</subfield>
    <subfield code="f">Unrestricted</subfield>
  </datafield>
  <datafield tag="520" ind1="3" ind2=" ">
    <subfield code="a">This paper discusses the formation and preservation of a fluvial tufa system influenced by Atlantic climate based on stratigraphical, chronological (amino-acid racemization, AAR), sedimentological and stable-isotope analyses. On the southwestern Iberian Peninsula, the tufas and associated deposits of the Almonda River valley occur as isolated terraced bodies and reach 25 m thick. AAR dated most deposits to within the warm Marine Isotope Stage 5 (MIS-5). Two Holocene ages were reset within MIS-5 based on diverse criteria. Widely varied carbonate and minor allochthonous coarse detrital facies occur arranged in four simple vertical associations. The deposit geometry and facies association distribution correspond to a low- to moderate-sloped fluvial valley consisting of several short knickpoints and extensive flat areas between them. The latter are occupied by slow-flowing water facies (carbonate sand, lime mud, phytoclast and oncoid rudstones, and up-growing stem boundstones). Facies that formed in moderate- to high-slope substrates were stromatolite, moss and down-growing stem boundstones. The homogeneous Miocene bedrock lithology and gentle structural deformation propitiated this depositional architecture. Calcite δ13C and δ18O values suggest that the aquifer water provided the outflowing Almonda water with (1) 18O-enriched water, compared with present precipitation and groundwater δ18O values, and (2) 13C-depleted CO2 from bituminous rocks and vegetation cover in the catchment. The proximity to the Atlantic coast favoured the Mesozoic-rock aquifer recharge with 18O-enriched water precipitation, assuring water availability during the formation of the studied tufas. No evidence of frequent intense erosion phases might indicate stable precipitation regimes, which would have allowed the preservation of loose fine-grained and palustrine deposits.</subfield>
  </datafield>
  <datafield tag="536" ind1=" " ind2=" ">
    <subfield code="9">info:eu-repo/grantAgreement/ES/MINECO/CGL2009-09216-BTE</subfield>
    <subfield code="9">info:eu-repo/grantAgreement/ES/MINECO/CGL2013-42867-P</subfield>
  </datafield>
  <datafield tag="540" ind1=" " ind2=" ">
    <subfield code="9">info:eu-repo/semantics/openAccess</subfield>
    <subfield code="a">by</subfield>
    <subfield code="u">http://creativecommons.org/licenses/by/3.0/es/</subfield>
  </datafield>
  <datafield tag="590" ind1=" " ind2=" ">
    <subfield code="a">1.3</subfield>
    <subfield code="b">2023</subfield>
  </datafield>
  <datafield tag="591" ind1=" " ind2=" ">
    <subfield code="a">GEOLOGY</subfield>
    <subfield code="b">22 / 61 = 0.361</subfield>
    <subfield code="c">2023</subfield>
    <subfield code="d">Q2</subfield>
    <subfield code="e">T2</subfield>
  </datafield>
  <datafield tag="592" ind1=" " ind2=" ">
    <subfield code="a">0.448</subfield>
    <subfield code="b">2023</subfield>
  </datafield>
  <datafield tag="593" ind1=" " ind2=" ">
    <subfield code="a">Stratigraphy</subfield>
    <subfield code="c">2023</subfield>
    <subfield code="d">Q2</subfield>
  </datafield>
  <datafield tag="593" ind1=" " ind2=" ">
    <subfield code="a">Geology</subfield>
    <subfield code="c">2023</subfield>
    <subfield code="d">Q2</subfield>
  </datafield>
  <datafield tag="594" ind1=" " ind2=" ">
    <subfield code="a">2.6</subfield>
    <subfield code="b">2023</subfield>
  </datafield>
  <datafield tag="655" ind1=" " ind2="4">
    <subfield code="a">info:eu-repo/semantics/article</subfield>
    <subfield code="v">info:eu-repo/semantics/publishedVersion</subfield>
  </datafield>
  <datafield tag="700" ind1=" " ind2=" ">
    <subfield code="a">Arenas, Concha</subfield>
    <subfield code="u">Universidad de Zaragoza</subfield>
    <subfield code="0">(orcid)0000-0002-4212-0524</subfield>
  </datafield>
  <datafield tag="700" ind1=" " ind2=" ">
    <subfield code="a">Ortiz, José Eugenio</subfield>
  </datafield>
  <datafield tag="710" ind1="2" ind2=" ">
    <subfield code="1">2000</subfield>
    <subfield code="2">280</subfield>
    <subfield code="a">Universidad de Zaragoza</subfield>
    <subfield code="b">Dpto. Ciencias de la Tierra</subfield>
    <subfield code="c">Área Estratigrafía</subfield>
  </datafield>
  <datafield tag="773" ind1=" " ind2=" ">
    <subfield code="g">49, 2 (2023), 133–167</subfield>
    <subfield code="p">J. iber. geol.</subfield>
    <subfield code="t">JOURNAL OF IBERIAN GEOLOGY</subfield>
    <subfield code="x">1698-6180</subfield>
  </datafield>
  <datafield tag="856" ind1="4" ind2=" ">
    <subfield code="s">21216111</subfield>
    <subfield code="u">http://zaguan.unizar.es/record/126028/files/texto_completo.pdf</subfield>
    <subfield code="y">Versión publicada</subfield>
  </datafield>
  <datafield tag="856" ind1="4" ind2=" ">
    <subfield code="s">2001591</subfield>
    <subfield code="u">http://zaguan.unizar.es/record/126028/files/texto_completo.jpg?subformat=icon</subfield>
    <subfield code="x">icon</subfield>
    <subfield code="y">Versión publicada</subfield>
  </datafield>
  <datafield tag="909" ind1="C" ind2="O">
    <subfield code="o">oai:zaguan.unizar.es:126028</subfield>
    <subfield code="p">articulos</subfield>
    <subfield code="p">driver</subfield>
  </datafield>
  <datafield tag="951" ind1=" " ind2=" ">
    <subfield code="a">2024-11-22-12:08:25</subfield>
  </datafield>
  <datafield tag="980" ind1=" " ind2=" ">
    <subfield code="a">ARTICLE</subfield>
  </datafield>
</record>
</collection>